| 000 | 00737nam a22002177a 4500 | ||
|---|---|---|---|
| 999 |
_c7157 _d7157 |
||
| 003 | AR-CdUCM | ||
| 008 | 190320b ||||| |||| 00| 0 spa d | ||
| 040 |
_aMUNICIPALIDAD PROVINCIAL DEL CUSCO _cBIBLIOTECA MUNICIPAL DEL CUSCO |
||
| 082 |
_a512 / _bT46 |
||
| 100 |
_aThompson, J.E. _920183 |
||
| 245 | _aAlgebra / | ||
| 260 |
_aMéxico : _bUTEHA, _c1962. |
||
| 300 |
_a383 paginas ; _c20 cm. |
||
| 440 |
_aMatemáticas al alcance de todos _920184 |
||
| 505 | _aContenido :Símbolos y números --Suma y resta --Multiplicación y división --Descomposición en factores --Principios fundamentales ... | ||
| 650 |
_aAlgebra _920185 |
||
| 650 |
_aProblemas _99246 |
||
| 650 |
_aEjercicios _919599 |
||
| 942 |
_2ddc _cLIBROS |
||
| 945 | _arjall | ||